| 000 | 00390nam a2200145Ia 4500 | ||
|---|---|---|---|
| 008 | 211109s9999||||xx |||||||||||||| ||und|| | ||
| 082 |
_a894.8124 _bWAR-K |
||
| 100 | _aWarriar, P A | ||
| 245 | 0 | _aKaivazhikal | |
| 260 |
_bMANGALODAYAM _aTRICHUR _c1972 |
||
| 300 | _a150p. | ||
| 630 | _xGeneral Stack | ||
| 650 |
_aMalayalam Literature _vMalayalam EssaysLiterature _xGeneralia |
||
| 942 | _cBOOK | ||
| 999 |
_c37687 _d37687 |
||